Encounters, materialities, confrontations (Record no. 58740)
[ view plain ]
| 000 -LEADER | |
|---|---|
| fixed length control field | 01282nam a2200325Ia 4500 |
| 245 00 - TITLE STATEMENT | |
| Title | Encounters, materialities, confrontations |
| 260 ## - PUBLICATION, DISTRIBUTION, ETC. (IMPRINT) | |
| Place of publication | Newcastle, UK : |
| Name of publisher | Cambridge Scholars Press, |
| Year of publication | 2007. |
| 300 ## - PHYSICAL DESCRIPTION | |
| Number of Pages | vi, 260 p. : |
| Other physical details | ill., maps. |
| 650 #0 - SUBJECT ADDED ENTRY--TOPICAL TERM | |
| Topical Term | Social archaeology. |
| Topical Term | Archaeology and history. |
| 700 1# - ADDED ENTRY--PERSONAL NAME | |
| Personal name | Cornell, Per. |
| Personal name | Fahlander, Fredrik. |
| 856 40 - ELECTRONIC LOCATION AND ACCESS | |
| Uniform Resource Identifier | http://site.ebrary.com/lib/rucke/Doc?id=10676973 |
No items available.
